00561 2200205 4500001002100000005001700021008004100038035002400079082001200103090001900115100001900134245006600153250001100219260003200230300002500262650003200287850001500319985000600334999001500340YOGYA-0209000003008620090227024440.0 ind  0010-020900000030086 a301.426 a301.426bBar B aBARAAS, Faisal aBeranda kitabPerbincangan seks dalam keluargacFaisal Baraas aCet. 1 aJakartabGrafiti Persc1985 a356 hlmbilusc19 cm aKeluarga dan pendidikan Sex aYOPDYOG(B) a1 aP000027312